Research Journal of Engineering, Science & Technology \ (Record no. 532461)
[ view plain ]
| 000 -LEADER | |
|---|---|
| fixed length control field | 00445nam a22001217a 4500 |
| 022 ## - INTERNATIONAL STANDARD SERIAL NUMBER | |
| International Standard Serial Number | 1605-8607 E-2523-0379 |
| 100 ## - MAIN ENTRY--PERSONAL NAME | |
| Personal name | Quaid-E-Awam University. |
| 245 ## - TITLE STATEMENT | |
| Title | Research Journal of Engineering, Science & Technology \ |
| Statement of responsibility, etc | Quaid-E-Awam University. |
| 260 ## - PUBLICATION, DISTRIBUTION, ETC. (IMPRINT) | |
| Place of publication, distribution, etc | Nawabshah: |
| Name of publisher, distributor, etc | Quaid-E-Awam University. |
| 300 ## - PHYSICAL DESCRIPTION | |
| Extent | 40 p. : ill. |
| Dimensions | 30 cm. |
| 650 ## - SUBJECT ADDED ENTRY--TOPICAL TERM | |
| Topical term or geographic name as entry element | Research, Engineering - Periodicals, Science, Technology - Periodicals. |
| 942 ## - ADDED ENTRY ELEMENTS (KOHA) | |
| Koha item type | Continuing Resources |
| Damaged status | Not for loan | Permanent Location | Current Location | Date acquired | Full call number | Barcode | Koha item type |
|---|---|---|---|---|---|---|---|
| Central Library (CL) | Central Library (CL) | 11/21/2019 | Vol-17, No-1 (Jan - Jun) 2019 | S-91029 | Continuing Resources |
